Power Electronics (Converters Applications & Design) (Record no. 5590)

MARC details
000 -LEADER
fixed length control field 00427nam a22001577a 4500
005 - DATE AND TIME OF LATEST TRANSACTION
control field 20170919154355.0
008 - FIXED-LENGTH DATA ELEMENTS--GENERAL INFORMATION
fixed length control field 170919b xxu||||| |||| 00| 0 eng d
020 ## - INTERNATIONAL STANDARD BOOK NUMBER
ISBN 978-81-265-1090-0
041 ## - LANGUAGE CODE
Language code of text/sound track or separate title eng
082 ## - DEWEY DECIMAL CLASSIFICATION NUMBER
Classification number 621.317
100 ## - MAIN ENTRY--AUTHOR NAME
Personal name Mohan,Ned. Undeland,Tore.M.Robbins,William P
245 ## - TITLE STATEMENT
Title Power Electronics (Converters Applications & Design)
260 ## - PUBLICATION, DISTRIBUTION, ETC. (IMPRINT)
Place of publication New Delhi
Name of publisher Wiley
Year of publication 2003
300 ## - PHYSICAL DESCRIPTION
Number of Pages 802
942 ## - ADDED ENTRY ELEMENTS (KOHA)
Koha item type Books

No items available.